000 00426nam a22001817a 4500
003 MPLRDC
005 20220104113935.0
008 210129b ||||| |||| 00| 0 eng d
082 _a848.2 YM v.5
100 _a杨牧著
245 _a吴凤
_c
250 _a二版
260 _a
_b洪范书店有限公司
_c1982
300 _b
490 _a洪范文学丛书;45
650 _a现代别集
942 _cBK
_o848.2 YM v.5
999 _c3553
_d3543